00809nam a2200217 a 450000100100000000500170001000800410002701000130006802000150008104000250009608200180012110000290013924500390016826000340020730000330024165000310027465000350030595201150034095201210045599900150057600000362820200929150517.0960425s1996 nyua 000 1 eng  a96019039 a0515121940 aDO-SdBNPbspacBNPHU a813.54bG851b1 aGriffin, W. E. B.91114210aBlood and honor /cW.E.B. Griffin. aNew York :bJove Book,c1996. a723, [3] p. :bil. ;c18 cm. 4aNovela estadounidense9262 4aLiteratura estadounidense9263 001050718MOaGRbGRcHDd2009-07-11iLF1l0o813.54 G851bp3628-10r2020-06-25w2020-06-25y1ZNo se presta 001150718MOaGRbGRcMId2017-04-05iLF1l0o813.54 G851bp3628-20r2020-06-25te. 2w2020-06-25y1ZNo se presta c3451d3451